Industrial developments in Asia and the far east

保存先:
書誌詳細
フォーマット: 図書
言語:Undetermined
出版事項: New York United Nations 1966
主題:
タグ: タグ追加
タグなし, このレコードへの初めてのタグを付けませんか!
Thư viện lưu trữ: Trung tâm Học liệu Trường Đại học Cần Thơ
LEADER 00442nam a2200157Ia 4500
001 CTU_99415
008 210402s9999 xx 000 0 und d
082 |a 338 
082 |b I.42/Vol.3 
245 0 |a Industrial developments in Asia and the far east 
260 |a New York 
260 |b United Nations 
260 |c 1966 
650 |a Industrial,Economic aspect 
904 |i Tuyến 
980 |a Trung tâm Học liệu Trường Đại học Cần Thơ